000 00904cab a2200265 4500
001 ABS57741
008 090401t1997 xxu||||| |||| 00| 0 eng d
035 _a(Sirsi) u81348
041 _aeng
100 _aSeidl, A.
245 _aToxic blockage
260 _c1997
350 _a0
490 _aEstates Gazette
_v(9739) 27 September 1997, 70-72(3)
520 _aAlthough the property industry is still awaiting definitive guidance from the government on contaminated land, surveyors are being warned not to procrastinate when it comes to facing the issues. Considers the purpose of the recent RICS guidance notes.
650 _aCONTAMINATED LAND
650 _aENVIRONMENT ACT 1995
650 _aGOVERNMENT
650 _aRICS GUIDANCE NOTES
650 _aTURF
650 _aURBAN RENEWAL FOUNDATION
690 _aENVIRONMENTAL AND LAND CONSULTANCY
942 _n0
948 _c08/10/1997
999 _c51256
_d51256